College Football Teams in 1972 - Statistics

General Stats
  • This quiz has been taken 7 times
  • The average score is 93 of 130
Answer Stats
Conference Team % Correct
ACC Clemson
100%
Big Ten Michigan
100%
Big Ten Michigan State
100%
Big Eight Missouri
100%
Independent Air Force
83%
SEC Alabama
83%
WAC Arizona
83%
WAC Arizona State
83%
SWC Arkansas
83%
Independent Army
83%
SEC Auburn
83%
Big Sky Boise State
83%
Independent Boston College
83%
Ivy League Brown
83%
Pac-8 California
83%
Big Eight Colorado
83%
WAC Colorado State
83%
Ivy League Columbia
83%
Ivy League Cornell
83%
Ivy League Dartmouth
83%
ACC Duke
83%
SEC Florida
83%
Independent Florida State
83%
SEC Georgia
83%
Ivy League Harvard
83%
Big Ten Illinois
83%
Big Ten Indiana
83%
Big Ten Iowa
83%
Big Eight Iowa State
83%
Big Eight Kansas
83%
Big Eight Kansas State
83%
SEC Kentucky
83%
MVC Louisville
83%
SEC LSU
83%
ACC Maryland
83%
Independent Miami (FL)
83%
MAC Miami (OH)
83%
Big Ten Minnesota
83%
SEC Mississippi State
83%
Big Sky Montana
83%
Independent Navy
83%
ACC NC State
83%
Big Eight Nebraska
83%
ACC North Carolina
83%
Big Ten Northwestern
83%
Independent Notre Dame
83%
MAC Ohio
83%
Big Ten Ohio State
83%
Big Eight Oklahoma
83%
Big Eight Oklahoma State
83%
SEC Ole Miss
83%
Pac-8 Oregon
83%
Pac-8 Oregon State
83%
Ivy League Penn
83%
Independent Penn State
83%
Independent Pittsburgh
83%
Ivy League Princeton
83%
Big Ten Purdue
83%
PCAA San Diego State
83%
Independent South Carolina
83%
Pac-8 Stanford
83%
Independent Syracuse
83%
SEC Tennessee
83%
SWC Texas
83%
SWC Texas A&M
83%
SWC Texas Tech
83%
Independent Tulane
83%
Pac-8 UCLA
83%
Pac-8 USC
83%
SEC Vanderbilt
83%
ACC Virginia
83%
Independent Virginia Tech
83%
ACC Wake Forest
83%
Pac-8 Washington
83%
Pac-8 Washington State
83%
Independent West Virginia
83%
Big Ten Wisconsin
83%
WAC Wyoming
83%
Ivy League Yale
83%
SWC Baylor
67%
WAC BYU
67%
Independent Colgate
67%
SoCon East Carolina
67%
Independent Georgia Tech
67%
Independent Houston
67%
Big Sky Idaho
67%
MAC Kent State
67%
MVC Memphis State
67%
Big Sky Montana State
67%
WAC New Mexico
67%
MVC New Mexico State
67%
Independent Northern Illinois
67%
SWC Rice
67%
SoCon Richmond
67%
Independent Rutgers
67%
PCAA San Jose State
67%
SWC SMU
67%
SWC TCU
67%
MAC Toledo
67%
WAC Utah
67%
Independent Utah State
67%
MAC Western Michigan
67%
SoCon William & Mary
67%
SoCon Appalachian State
50%
MAC Bowling Green
50%
Independent Cincinnati
50%
Independent Dayton
50%
PCAA Fresno State
50%
Big Sky Idaho State
50%
Independent Marshall
50%
Big Sky Northern Arizona
50%
Independent Southern Miss
50%
Independent Temple
50%
SoCon The Citadel
50%
MVC Tulsa
50%
WAC UTEP
50%
SoCon VMI
50%
Independent Xavier
50%
PCAA Long Beach State
33%
MVC North Texas State
33%
Independent Villanova
33%
MVC Wichita State
33%
SoCon Davidson
17%
MVC Drake
17%
SoCon Furman
17%
Independent Holy Cross
17%
PCAA Pacific
17%
Big Sky Weber State
17%
MVC West Texas State
17%
PCAA Cal State Los Angeles
0%
No matching quizzes found
Score Distribution
Percent of People with Each Score
Percentile by Number Answered
Your Score History
You have not taken this quiz